000 00251nam a22000857a 4500
008 160704b xxu||||| |||| 00| 0 eng d
100 _91922
_a Josephine, Y
245 _aSchool Resource Planning and Management
260 _aNew Delhi
_bShipra Publication
_c2005
999 _c1624
_d1624